|
|
|
|
| LEADER |
00000nas a2200000 a 4500 |
| 001 |
ssj0001753 |
| 003 |
WaSeSS |
| 005 |
20200512172242.0 |
| 006 |
m d |
| 007 |
cr n |
| 008 |
050614c19909999maumr pss 0 a0eng c |
| 010 |
|
|
|a 2008201937
|
| 022 |
|
|
|a 1943-510X
|l 1051-5313
|y 1051-5313
|
| 035 |
|
|
|a (WaSeSS)ssj0001753
|
| 037 |
|
|
|b Harvard Medical School, Health Publications Group, 25 Shattuck Street, Boston, MA 02115
|
| 040 |
|
|
|a OCLCS
|b eng
|c OCLCS
|d DLC
|d LGG
|d OCLCQ
|d OCLCF
|d OCLCO
|d VT2
|d OCLCO
|d OCLCQ
|d OCLCO
|d OCLCQ
|d AU@
|d OCLCO
|d WYU
|d OCLCO
|d AUD
|d OCLCA
|d WaSeSS
|
| 042 |
|
|
|a pcc
|a nsdp
|
| 050 |
|
4 |
|a RC681.A1
|b H37
|
| 060 |
0 |
0 |
|a W1
|b HA635L
|
| 082 |
1 |
0 |
|a 616
|2 14
|
| 130 |
0 |
|
|a Harvard heart letter (Online)
|
| 210 |
0 |
|
|a Harv. heart lett.
|b (Online)
|
| 222 |
|
0 |
|a Harvard heart letter
|b (Online)
|
| 245 |
1 |
0 |
|a Harvard heart letter
|h [electronic resource] :
|b from Harvard Medical School.
|
| 260 |
|
|
|a Boston, MA :
|b Harvard Medical School Health Publications Group
|
| 310 |
|
|
|a Monthly
|
| 362 |
1 |
|
|a Print began with v. 1, no. 1 (Sept. 1990).
|
| 506 |
|
|
|a License restrictions may limit access.
|
| 538 |
|
|
|a Mode of access: World Wide Web.
|
| 588 |
|
|
|a Description based on: Vol. 14, no. 2 (Oct. 2003); publisher's Web site (viewed July 22, 2008).
|
| 650 |
|
0 |
|a Cardiology
|v Periodicals.
|
| 650 |
|
0 |
|a Heart
|x Diseases
|v Periodicals.
|
| 650 |
|
7 |
|a Cardiology.
|2 fast
|0 (OCoLC)fst00847121
|
| 650 |
|
7 |
|a Heart
|x Diseases.
|2 fast
|0 (OCoLC)fst00953527
|
| 650 |
|
2 |
|a Cardiology.
|
| 650 |
|
2 |
|a Heart Diseases.
|
| 655 |
|
0 |
|a Electronic journals.
|
| 710 |
2 |
|
|a Harvard Medical School.
|b Health Publications Group.
|
| 776 |
1 |
|
|t Harvard heart letter
|x 1051-5313
|w (DLC)sn 90003199
|w (OCoLC)21985672
|
| 856 |
4 |
0 |
|z Full text available from Research Library: 01/01/2008 to present
|u https://search.proquest.com/publication/2026473
|